| 000 | 00883nam a2200301 a 4500 | ||
|---|---|---|---|
| 003 | AR-BaBNM | ||
| 005 | 20251128210254.0 | ||
| 008 | 082120s2002 ||||||||||||||000 | spa|| | ||
| 020 | _a84-281-0947-8 | ||
| 040 | _cAR-BaBNM | ||
| 100 | 1 | _aGutiérrez Pérez, Rosario | |
| 245 | 0 | 0 |
_aLa estética del espacio escolar _bestudio de un caso |
| 250 | _a1ª ed. | ||
| 260 |
_aBarcelona _bOikos-Tau _c1998 |
||
| 300 | _a250 p. | ||
| 490 | 0 | _aPráctica en educación | |
| 500 | _aContiene referencias bibliográficas p. 241-250 | ||
| 650 | 4 | _aEDUCACION ESTETICA | |
| 650 | 4 | _aESTUDIOS DE CASOS | |
| 653 | _aARQUITECTURA ESCOLAR | ||
| 653 | _aORGANIZACION DEL ESPACIO ESCOLAR | ||
| 653 | _aESPACIOS EDUCATIVOS | ||
| 653 | _aESTABLECIMIENTOS EDUCATIVOS | ||
| 653 | _aPROCESO DE ENSEÑANZA-APRENDIZAJE | ||
| 800 | 1 | _aCantón Mayo, Isabel | |
| 942 | _cBK | ||
| 998 | _cRaquel | ||
| 999 |
_c14725 _d14725 |
||